| 000 | 00732nam a22002293a 4500 | ||
|---|---|---|---|
| 005 | 20240920064059.0 | ||
| 008 | 010529s1997 mx fr 000 0 spa d | ||
| 020 | _a8427710119 | ||
| 035 | _aUPN01000107027 | ||
| 049 | _aCG | ||
| 050 | 4 |
_aLB1139.35 A3.7 _bS3.6 1997 |
|
| 100 | 1 |
_aSchiller, Pamela Byrne, _d1945- _936621 |
|
| 245 | 1 | 0 |
_a500 actividades para el currículo : _bde educación infantil / _cPam Schiller, Joan Rossano ; il. Katleen Kerr |
| 250 | _a3a ed. | ||
| 260 |
_aMadrid : _bNarcea, _c1997. |
||
| 300 |
_a315 p. : _bil. |
||
| 440 | 0 | _aPrimeros años | |
| 650 | 4 |
_aActividades creativas y trabajos preescolares _9138 |
|
| 650 | 4 |
_aEducación de niños _95387 |
|
| 700 | 1 |
_aRossano, Joan, _ecoaut. |
|
| 905 | _aLibro | ||
| 999 |
_c80939 _d80939 |
||